Statistiken für Errate den Songtext ohne das Lied zu kennen #3

Klicken Sie hier um das Quiz zu spielen!

Allgemein

  • Dieses Quiz wurde 867 mal gespielt
  • Das Durchschnittsergebnis liegt bei 126 aus 300

Antwortstatistiken

Antwort% Korrekt
ich
97%
Ich
97%
Da
83%
da
83%
Da,
83%
bin
78%
er
73%
der
72%
es
72%
Sie
72%
die
70%
Die
70%
Und
69%
Das
68%
das
68%
ein
64%
Wie
62%
wie
62%
so,
61%
so
61%
den
60%
will
60%
will,
60%
für
54%
geh,
52%
im
52%
wo
50%
"Wo
50%
auf
47%
Dann
47%
dann
47%
war
47%
zu
47%
wenn
46%
Komet,
45%
nicht
45%
'ne
43%
Dass
42%
am
40%
gekommen
40%
immer
40%
mich
39%
mich,
39%
uns
39%
doch
38%
Doch
38%
hör
37%
noch
37%
einschlägt
35%
leb,
35%
ab
34%
dir:
34%
sind
34%
zweimal
34%
dei
33%
Ja,
33%
mir,
31%
mit,
31%
mit
31%
tut
31%
weh,
31%
mal
30%
zum
30%
Hier
28%
Lass
28%
lass
28%
Vielleicht
28%
dem
27%
Nummer
27%
als
26%
dort,
26%
sage
26%
von
26%
"Kein
25%
Lied
25%
mehr
24%
schon
24%
letzte
23%
Bar
22%
Hafen
22%
Möwen
22%
nochmal
22%
Zeit
21%
lang
20%
aus
19%
Applaus
18%
aufdreh'n
18%
aufdreh'n,
18%
genauso
18%
Hause
18%
schmeckt
18%
Schnaps
18%
andre
17%
Rausschmiss
17%
sichergeh'n
17%
frag
16%
irgendwo
16%
Jahre
16%
tobt
15%
vorher
15%
allein
14%
Club
14%
sitz
14%
Zähl
14%
Glas
13%
Rauch
13%
rein"
13%
sing'n
13%
yeah
13%
dichten
12%
fragt
12%
Fuß
12%
Nehm
12%
Tage?",
12%
anderer
11%
passt
11%
Straßen
11%
allerletzten
10%
Also
10%
letzten
10%
liegt
10%
Schluck
10%
Taxifahrer
10%
bitte
9%
einschlafen
9%
Fußabdruck
9%
Konfetti
9%
stärker
9%
ex
8%
seh'n
8%
setz
8%
Fahne,
7%
ick
7%
Stolz
7%
Trage
7%
wat
7%
ein'n
5%
soll'n
5%

Verteilung der Resultate

Perzentil nach korrekt beantworteten Fragen

Anzahl Personen mit jedem Resultat

Ihre Resultats-Entwicklung

Sie haben dieses Quiz noch nicht gespielt